| 000 | 00463nam a2200145Ia 4500 | ||
|---|---|---|---|
| 082 |
_a297.63 _bUSW _cL-31,p-25 |
||
| 100 |
_aArif Billah _937474 |
||
| 245 |
_aUswai Rasool-e-Akram (S.A.W.) _bthe life example and teachings of the Holy Prophet Muhammad |
||
| 260 |
_aKarachi: _bSiddiqi Trust, _c19-? |
||
| 300 | _a436p | ||
| 526 |
_a0 _b0 _c0 _d297_630000000000000_USW |
||
| 650 |
_aMCE _9379 |
||
| 650 |
_aMuhammad (S.A.W.), Prophet, 571-632 _937239 |
||
| 942 |
_2ddc _cBK |
||
| 999 |
_c542339 _d542339 |
||